000 00348nam a2200145Ia 4500
008 150201s2004 xx 000 0 und d
082 _a617.645
_bD2004M
100 _aMcDONALD
245 _aDENTISTRY FOR THE CHILD & ADOLESCENT
250 _a8TH
260 _bELSEVIER
_aDELHI
_c2004
300 _a1-268
650 _aPEDODONTICS
942 _2ddc
_cBK
999 _c3745
_d3745